000 00623nam a22002177a 4500
003 OSt
005 20220107122837.0
008 180301b xxu||||| |||| 00| 0 eng d
020 _a9781107041097
040 _cIIITMK
082 _a005.18 GOM/R
100 _aGomaa, Hassan
_913763
245 _aReal time software design for embedded systems
_cHassan, Gomaa
260 _aUSA,
_bCambridge University Press,
_c2016.
300 _axxv,586p.
650 _aCOMPUTER SCIENCE
_913857
650 _aEMBEDDED SYSTEMS
_913858
650 _aSOFTWARE DESIGN
_913859
650 _aREAL TIME DATA PROCESSING
_913860
942 _2ddc
_cBK
999 _c6001
_d6001